The world of Donald Evans (Record no. 1927)

000 -LEADER
fixed length control field 00408nam a22001097a 4500
008 - FIXED-LENGTH DATA ELEMENTS--GENERAL INFORMATION
fixed length control field 160418b xxu||||| |||| 00| 0 eng d
100 ## - MAIN ENTRY--AUTHOR'S NAME
Author's Name Evans, Donald
245 ## - TITLE STATEMENT
Title The world of Donald Evans
260 ## - PUBLICATION, DISTRIBUTION, ETC. (IMPRINT)
Place of publication, distribution, etc. New York
Name of publisher, distributor, etc. Harlin Quist
Date of publication, distribution, etc. 1980
650 ## - TOPICAL TERM (Tag)
Topical term or geographic name Evans, Donald, 1945-1977 | United States | Artists and Designers | Designs | Bogus Issues | Cinderella Material | Postage Stamps in Art
700 ## - SECONDARY AUTHOR, EDITOR OR ILLUSTRATOR
Personal Name Eisenhart, Willy
Holdings
Withdrawn status Lost status Source of classification or shelving scheme Damaged status Koha normalized classification for sorting Not for loan Permanent Location Current Location Date acquired Total Checkouts Full call number Barcode Date last seen Price effective from
        G3701 A791 E92   Northern Philatelic Library Northern Philatelic Library 04/18/2016   G3701 A791 E92 1002233 04/18/2016 04/18/2016

Powered by Koha